UM Logo
Normal view MARC view

Entry Topical Term

Number of records used in: 1

001 - CONTROL NUMBER

  • control field: 57284

003 - CONTROL NUMBER IDENTIFIER

  • control field: OSt

005 - DATE AND TIME OF LATEST TRANSACTION

  • control field: 20240524091415.0

008 - FIXED-LENGTH DATA ELEMENTS

  • fixed length control field: 240524|| aca||aabn | a|a d

040 ## - CATALOGING SOURCE

  • Original cataloging agency: OSt
  • Transcribing agency: OSt

150 ## - HEADING--TOPICAL TERM

  • Topical term or geographic name entry element:
  • Geographic subdivision: Philippines
  • General subdivision: History
  • General subdivision: 1972-1986.

670 ## - SOURCE DATA FOUND

  • Source citation: Work cat.: (OSt)20225: De Dios, Aurora Javate. 56905, Dictatorship and revolution :, ©1988.